000 00515nam a22002057a 4500
003 OSt
005 20160518175309.0
008 160518b xxu||||| |||| 00| 0 eng d
020 _a1405136510
040 _cDLMN.
082 _aQT 18L4940 2007.
100 _aPetersen,H.Ole;
_98869
245 _aHuman Physiology.
250 _a5th ed.
260 _aUSA.
_bBlackwell Publishing.
_c2007
300 _axiii,650p;
_bcol,ill:
_c25cm.
504 _aincludes index.
650 _aPhysiology.
_9215
942 _2z
_cO_SHELF
999 _c4100
_d4100